Giant Spiders Quiz - Statistics

General Stats
  • This quiz has been taken 35 times
  • The average score is 3 of 10
Answer Stats
Picture Answer % Correct
Goliath Birdeater
84%
Cobalt Blue Tarantula
72%
Brazillian Black Tarantula
32%
Orange Baboon Tarantula
32%
Striped Knee Tarantula
32%
Redknee Tarantula
20%
Indian Ornamental Tarantula
8%
Sri Lankan Ornamental Tarantula
4%
Trinidad Olive Tarantula
4%
Rose Hair Tarantula
0%
No matching quizzes found
Score Distribution
Percent of People with Each Score
Percentile by Number Answered
Your Score History
You have not taken this quiz